الأبراج عند شعوب العالم / (Record no. 37003)

MARC details
000 -الفاتح
عناصر البيانات ثابتة الطول 00586cam a2200193 i 4500
005 - تاريخ ووقت آخر معاملة
حقل ضبط 20251108170010.0
008 - عناصر البيانات ثابتة الطول
عناصر البيانات ثابتة الطول 250721s2001 sy gr 000 0 ara d
041 1# - كود اللغة
كود اللغة لنص/مسار صوت أو عنوان منفصل ara
كود اللغة للأصل eng
082 14 - رقم تصنيف ديوي العشري
رقم التصنيف 133.5
رقم المادة ش ي ا
100 1# - مدخل رئيسي – اسم شخصي
الاسم الشخصي شيا، سميح
علاقة الشخص بالعمل/ دوره معد ومترجم.
245 12 - بيان العنوان
العنوان الأبراج عند شعوب العالم /
250 ## - بيان الطبعة
بيان الطبعة الطبعة الثانية.
264 1# - بيانات النشر، التوزيع…إلخ
مكان النشر، التوزيع...إلخ دمشق :
اسم الناشر، الموزع...إلخ دار المعرفة،
تاريخ النشر، التوزيع...إلخ 2001.
300 ## - الوصف المادي
عدد الوحدات المكونة للوعاء 140صفحة.
650 17 - مدخل إضافي بالموضوع - مصطلح موضوعي
مصطلح موضوعي أو اسم جغرافي كعنصر مدخل السحر و التنجيم.
650 17 - مدخل إضافي بالموضوع - مصطلح موضوعي
مصطلح موضوعي أو اسم جغرافي كعنصر مدخل علم النفس.
942 ## - بيانات إضافية (كوها)
نوع التنصيف Dewey Decimal Classification
نوع المادة (كوها) Books
Holdings
حالة السحب حالة الفقدان مصدر التصنيف حالة التلف غير قابل للإعارة المكتبة الرئيسية المكتبة الحالية موقع الرف تاريخ التزويد الرقم المتسلسل Total Checkouts رقم الإستدعاء الباركود تاريخ آخر ظهور تاريخ الفاتورة نوع المادة (كوها)
    Dewey Decimal Classification     المكتبة المركزية المكتبة المركزية الإعارة 06/07/2004 517936   133.5 / ش ي ا 517936 28/07/2025 06/07/2004 Books
Implemented & Customized by: BBB with SCIT (Smart Chains for Information Technology)

Powered by Koha